000 00604nam a2200193 a 4500
001 000011083
005 20240412074222.0
008 091014t197? dr 001 p spa d
040 _aDO-SdBNP
_bspa
_cBNPHU
082 _aRD861.44
_bS237r
100 1 _aSantos, Domingo de los,
_d1944-
_926583
245 1 0 _aRaíces de las horas /
_cDomingo de los Santos.
260 _aSanto Domingo :
_bMovimiento Cultural Universitario,
_c197?
300 _a44 p. ;
_c21 cm.
650 0 _aPoesía dominicana
_966
650 0 _aLiteratura dominicana.
_967
910 _aValidado. Control de calidad EMS.
049 _aBNPD
999 _c10808
_d10808